[Event "4NCL/Div2a/SAMS vs. AMCAD"]
[Site "Hinckley Island ENG"]
[Date "2010.02.20"]
[Round "5.1"]
[White "Rendle, Thomas E"]
[Black "Webb, Richard M"]
[Result "0-1"]
[WhiteElo "2396"]
[BlackElo "2260"]
[PlyCount "118"]
[EventDate "2010.02.20"]
[SourceDate "2009.10.24"]

1. e4 c5 2. Nf3 d6 3. c3 Nf6 4. Be2 g6 5. O-O Bg7 6. Bb5+ Bd7 7. Bxd7+ Qxd7 8.
Re1 Nc6 9. d4 cxd4 10. cxd4 d5 11. e5 Ne4 12. Nc3 Nxc3 13. bxc3 O-O 14. h4 h6
15. Qd3 Qf5 16. Qxf5 gxf5 17. Ba3 Rfe8 18. e6 Rac8 19. h5 Nd8 20. exf7+ Kxf7
21. Re3 Bf6 22. Rb1 b6 23. Rb5 e6 24. Bd6 Nc6 25. Bf4 Rg8 26. Rb1 Bg5 27. Bxg5
hxg5 28. Rbe1 Rce8 29. g4 f4 30. Ne5+ Nxe5 31. Rxe5 b5 32. Kf1 Kf6 33. R1e2 Re7
34. Ke1 Rc8 35. Kd2 Rc6 36. f3 Rec7 37. h6 Ra6 38. Kd3 b4 39. cxb4 Ra3+ 40. Kd2
Rxa2+ 41. Ke1 Rc1+ 42. Kf2 Rxe2+ 43. Rxe2 Rh1 44. Kg2 Rxh6 45. Ra2 Rh7 46. b5
Rb7 47. Ra5 Rc7 48. Kf2 Rc2+ 49. Ke1 Rb2 50. Rxa7 Rxb5 51. Ra4 Rb6 52. Ke2 Rb2+
53. Kd1 Rb3 54. Ke2 Re3+ 55. Kf2 Rc3 56. Ra8 Rc2+ 57. Ke1 Rc4 58. Rf8+ Kg7 59.
Re8 Kf7 0-1

[Event "4NCL/Div2a/SAMS vs. AMCAD"]
[Site "Hinckley Island ENG"]
[Date "2010.02.20"]
[Round "5.2"]
[White "Richardson, Keith B"]
[Black "Varnam, Liam D"]
[Result "1/2-1/2"]
[WhiteElo "2168"]
[BlackElo "2148"]
[PlyCount "91"]
[EventDate "2010.02.20"]
[SourceDate "2009.10.24"]

1. c4 e5 2. Nc3 Nf6 3. Nf3 Nc6 4. e4 d6 5. g3 Bg4 6. h3 Bxf3 7. Qxf3 Nd4 8. Qd1
h5 9. Bg2 g6 10. Ne2 Nxe2 11. Qxe2 c5 12. d3 Bg7 13. Bd2 Qc7 14. O-O h4 15. g4
Nd7 16. a3 Nf8 17. b4 Ne6 18. Rab1 Bh6 19. Be3 Nf4 20. Bxf4 Bxf4 21. Rb2 b6 22.
Rfb1 O-O 23. Bf3 Qe7 24. Qf1 Kh8 25. Qd1 Qd7 26. a4 cxb4 27. Rxb4 Rac8 28. Rb5
Rc5 29. Qe1 Rfc8 30. a5 bxa5 31. Rxa5 Qc7 32. Rba1 Rxa5 33. Qxa5 Qxa5 34. Rxa5
Rc7 35. Ra6 Rd7 36. Bd1 Rb7 37. Ba4 Rb1+ 38. Kg2 Ra1 39. Rxa7 Kg7 40. Ra6 Bd2
41. Bb5 Rxa6 42. Bxa6 Kf6 43. Kf3 g5 44. Ke2 Bb4 45. Bb7 Bc5 46. Bd5 1/2-1/2

[Event "4NCL/Div2a/SAMS vs. AMCAD"]
[Site "Hinckley Island ENG"]
[Date "2010.02.20"]
[Round "5.3"]
[White "Adair, James"]
[Black "Coates, Kenneth G"]
[Result "1-0"]
[WhiteElo "2167"]
[BlackElo "2220"]
[PlyCount "99"]
[EventDate "2010.02.20"]
[SourceDate "2009.10.24"]

1. e4 e5 2. Nf3 Nc6 3. Bb5 f5 4. d3 fxe4 5. dxe4 Nf6 6. O-O d6 7. Qd3 Bg4 8. h3
Bxf3 9. Qxf3 Be7 10. Nc3 O-O 11. Qd1 Kh8 12. f4 Nd4 13. Bc4 c6 14. Be3 b5 15.
Bd3 Qa5 16. f5 d5 17. exd5 b4 18. d6 Bxd6 19. Ne4 Qd5 20. Nxf6 Rxf6 21. c3 bxc3
22. bxc3 e4 23. Bxd4 exd3 24. Bxf6 gxf6 25. Rf3 Rd8 26. Qd2 c5 27. Re1 c4 28.
Kh1 Be5 29. Rfe3 Rg8 30. Re4 Rg3 31. R1e3 Rxe3 32. Rxe3 Qa5 33. Re4 Qb6 34. Re1
Kg7 35. Qd1 Qd6 36. Qg4+ Kf8 37. Qxc4 d2 38. Rd1 Bf4 39. Qc8+ Kg7 40. Qb7+ Kh6
41. Qxa7 Qe5 42. Qf2 Qxf5 43. Qh4+ Kg6 44. Qg4+ Qxg4 45. hxg4 f5 46. a4 fxg4
47. a5 Be3 48. a6 h5 49. c4 h4 50. Rxd2 1-0

[Event "4NCL/Div2a/SAMS vs. AMCAD"]
[Site "Hinckley Island ENG"]
[Date "2010.02.20"]
[Round "5.4"]
[White "Turner, Caius AW"]
[Black "Purton, Ben J"]
[Result "1-0"]
[WhiteElo "2122"]
[BlackElo "2150"]
[PlyCount "79"]
[EventDate "2010.02.20"]
[SourceDate "2009.10.24"]

1. Nf3 d5 2. c4 dxc4 3. e3 a6 4. Bxc4 b5 5. Bxf7+ Kxf7 6. Ne5+ Ke6 7. Qf3 Kxe5
8. Qxa8 Bd7 9. d4+ Kf6 10. Qf3+ Kg6 11. Nc3 Nf6 12. e4 Nc6 13. Be3 e5 14. Qg3+
Ng4 15. d5 Nd4 16. O-O-O Be7 17. h4 Bc5 18. Rd2 Kf7 19. Kb1 b4 20. Ne2 Qf6 21.
Bxd4 exd4 22. Qxc7 Qd6 23. Qxd6 Bxd6 24. Nxd4 Bf4 25. Rc2 Re8 26. Nc6 h5 27.
Re1 Bd6 28. f3 Bg3 29. Ree2 Ne5 30. Red2 Bxh4 31. Nxb4 Bb5 32. b3 a5 33. Nc6
Nd3 34. Nd4 Ba6 35. Nf5 Rb8 36. Rc7+ Kf8 37. Nxh4 a4 38. Ng6+ Kg8 39. Ne7+ Kh7
40. Nc6 1-0

[Event "4NCL/Div2a/SAMS vs. AMCAD"]
[Site "Hinckley Island ENG"]
[Date "2010.02.20"]
[Round "5.5"]
[White "Williams, Samuel G"]
[Black "Frostick, Clive A"]
[Result "1/2-1/2"]
[WhiteElo "2198"]
[BlackElo "2160"]
[PlyCount "73"]
[EventDate "2010.02.20"]
[SourceDate "2009.10.24"]

1. d4 d5 2. c4 dxc4 3. Nf3 Nf6 4. e3 e6 5. Bxc4 a6 6. Bb3 c5 7. O-O Nc6 8. Nc3
Qc7 9. Qe2 Be7 10. dxc5 Bxc5 11. Bd2 O-O 12. Rac1 Be7 13. Rfd1 Rd8 14. e4 Ng4
15. g3 Bc5 16. Be1 Rxd1 17. Bxd1 Bd7 18. Kg2 Ba7 19. h3 Nge5 20. Nxe5 Qxe5 21.
f4 Qc5 22. Bf2 Nd4 23. Qd2 Bc6 24. Nd5 Qd6 25. Bxd4 Bxd5 26. exd5 Qxd5+ 27. Bf3
Qxd4 28. Qxd4 Bxd4 29. Bxb7 Rb8 30. b4 g5 31. Rc7 gxf4 32. gxf4 Bb6 33. Rd7 a5
34. bxa5 Bxa5 35. f5 Rd8 36. fxe6 fxe6 37. Rxd8+ 1/2-1/2

[Event "4NCL/Div2a/SAMS vs. AMCAD"]
[Site "Hinckley Island ENG"]
[Date "2010.02.20"]
[Round "5.6"]
[White "Hart, David PO"]
[Black "Edgell, Ben P"]
[Result "1/2-1/2"]
[WhiteElo "2012"]
[BlackElo "2100"]
[PlyCount "82"]
[EventDate "2010.02.20"]
[SourceDate "2009.10.24"]

1. e4 e5 2. Nf3 Nc6 3. Bb5 Nf6 4. O-O Nxe4 5. d4 Nd6 6. Bxc6 dxc6 7. dxe5 Nf5
8. Qxd8+ Kxd8 9. Nc3 h6 10. h3 a5 11. b3 Bd7 12. Bb2 Kc8 13. Ne2 a4 14. Nf4 Rg8
15. g4 Ne7 16. e6 fxe6 17. Rfe1 Nd5 18. Nxe6 Bb4 19. Nxg7 Bxe1 20. Rxe1 axb3
21. axb3 Ra2 22. Ra1 Rxa1+ 23. Bxa1 c5 24. Nh5 Be8 25. Ng3 Bg6 26. c4 Nf4 27.
Kh2 Bc2 28. Nd2 Rd8 29. Nge4 Rd3 30. f3 Ne6 31. Kg3 Bxb3 32. h4 Bd1 33. g5 hxg5
34. h5 Nf8 35. Kg4 Nh7 36. h6 Ba4 37. Kf5 Be8 38. Bf6 Bh5 39. Bxg5 Bxf3 40.
Nxc5 Rc3 41. Bf6 Nxf6 1/2-1/2

[Event "4NCL/Div2a/SAMS vs. AMCAD"]
[Site "Hinckley Island ENG"]
[Date "2010.02.20"]
[Round "5.7"]
[White "Foster, James J"]
[Black "Sparkes, Daniel A"]
[Result "1/2-1/2"]
[WhiteElo "2069"]
[BlackElo "2066"]
[PlyCount "30"]
[EventDate "2010.02.20"]
[SourceDate "2009.10.24"]

1. c4 c5 2. Nc3 Nc6 3. e4 g6 4. g3 Bg7 5. Bg2 d6 6. Nge2 e6 7. d3 Nge7 8. O-O
O-O 9. h3 f5 10. f4 Nd4 11. Nxd4 Bxd4+ 12. Kh2 Nc6 13. exf5 exf5 14. Bd5+ Kh8
15. Qf3 Qf6 1/2-1/2

[Event "4NCL/Div2a/SAMS vs. AMCAD"]
[Site "Hinckley Island ENG"]
[Date "2010.02.20"]
[Round "5.8"]
[White "Holland, James P"]
[Black "Khoo, Selina"]
[Result "1-0"]
[WhiteElo "1973"]
[BlackElo "1981"]
[PlyCount "37"]
[EventDate "2010.02.20"]
[SourceDate "2009.10.24"]

1. d4 d5 2. c4 c6 3. Nf3 Nf6 4. Nc3 dxc4 5. a4 Bf5 6. Ne5 Nbd7 7. Nxc4 Nb6 8.
Ne5 a5 9. Rg1 Nfd7 10. g4 Bg6 11. Nxg6 hxg6 12. Bg5 Rxh2 13. e4 Nf6 14. d5 cxd5
15. Bb5+ Nfd7 16. Nxd5 Nxd5 17. Qxd5 Ra6 18. Qxb7 Rd6 19. Rc1 1-0

[Event "4NCL/Div2a/BRJ vs. KHE"]
[Site "Hinckley Island ENG"]
[Date "2010.02.20"]
[Round "5.1"]
[White "Truran, Michael C"]
[Black "McMichael, Richard J"]
[Result "1/2-1/2"]
[WhiteElo "2215"]
[BlackElo "2286"]
[PlyCount "80"]
[EventDate "2010.02.20"]
[SourceDate "2009.10.24"]

1. d4 e6 2. c4 f5 3. g3 Nf6 4. Bg2 c6 5. Nf3 d5 6. O-O Bd6 7. b3 Qe7 8. Bf4
Bxf4 9. gxf4 O-O 10. Ne5 Nbd7 11. Nd2 Ng4 12. cxd5 exd5 13. Ndf3 Rf6 14. b4
Qxb4 15. Nxd7 Bxd7 16. Rb1 Qd6 17. Rxb7 Bc8 18. Rb3 Qxf4 19. h3 Nh6 20. Ne5 Nf7
21. Qc1 Qxc1 22. Rxc1 Nxe5 23. dxe5 Rg6 24. Ra3 Kf8 25. f4 Re6 26. Rc5 Ke8 27.
e3 a6 28. Rb3 Kd8 29. a4 Ra7 30. Rb6 Kc7 31. a5 Rb7 32. Rxb7+ Kxb7 33. Kf2 Bd7
34. Rc2 Re8 35. Bf1 Ka7 36. Bd3 g6 37. Ke2 Rb8 38. Kd2 Rb4 39. Rc5 d4 40. exd4
Rxd4 1/2-1/2

[Event "4NCL/Div2a/BRJ vs. KHE"]
[Site "Hinckley Island ENG"]
[Date "2010.02.20"]
[Round "5.2"]
[White "Wittmann, Jochen"]
[Black "Richmond, Peter A"]
[Result "1/2-1/2"]
[WhiteElo "2266"]
[BlackElo "2247"]
[PlyCount "39"]
[EventDate "2010.02.20"]
[SourceDate "2009.10.24"]

1. e4 c5 2. Nc3 e6 3. Nge2 Nc6 4. g3 a6 5. Bg2 b5 6. O-O Bb7 7. d3 b4 8. Na4 d6
9. Be3 Qc7 10. f4 Nf6 11. h3 Be7 12. Qd2 Qa5 13. b3 d5 14. exd5 Nxd5 15. f5 O-O
16. fxe6 fxe6 17. Nf4 Nxf4 18. Bxf4 Bf6 19. Rae1 Bd4+ 20. Be3 1/2-1/2

[Event "4NCL/Div2a/BRJ vs. KHE"]
[Site "Hinckley Island ENG"]
[Date "2010.02.20"]
[Round "5.3"]
[White "Hall, Daniel J"]
[Black "Thomas, Rik H"]
[Result "0-1"]
[WhiteElo "2138"]
[BlackElo "2220"]
[PlyCount "68"]
[EventDate "2010.02.20"]
[SourceDate "2009.10.24"]

1. e4 g6 2. d4 Bg7 3. Nf3 d6 4. Bc4 c6 5. a4 d5 6. exd5 cxd5 7. Bb5+ Bd7 8. Nc3
Nf6 9. Bg5 Bxb5 10. axb5 Nbd7 11. O-O O-O 12. Re1 e6 13. Qd2 Re8 14. Ne5 Qc7
15. Bf4 Nxe5 16. Bxe5 Qd7 17. Qg5 h6 18. Qh4 g5 19. Qh3 Ne4 20. Bxg7 Kxg7 21.
f4 f5 22. fxg5 hxg5 23. Nxe4 dxe4 24. Qe3 Kg6 25. c4 Rh8 26. g3 a6 27. d5 axb5
28. dxe6 Qxe6 29. cxb5 Rad8 30. Ra7 Rh7 31. g4 fxg4 32. Qxe4+ Qxe4 33. Rxe4
Rd1+ 34. Kg2 Kf5 0-1

[Event "4NCL/Div2a/BRJ vs. KHE"]
[Site "Hinckley Island ENG"]
[Date "2010.02.20"]
[Round "5.4"]
[White "Ward, Julian T"]
[Black "Girdlestone, Paul C"]
[Result "0-1"]
[WhiteElo "2132"]
[BlackElo "2135"]
[PlyCount "82"]
[EventDate "2010.02.20"]
[SourceDate "2009.10.24"]

1. c4 e5 2. Nc3 Nc6 3. g3 f5 4. Bg2 Nf6 5. e3 Bb4 6. Nge2 O-O 7. O-O d6 8. d3
Qe8 9. Nd5 Ba5 10. Bd2 Bxd2 11. Qxd2 Qf7 12. Rac1 Be6 13. e4 Qd7 14. b4 fxe4
15. dxe4 Bh3 16. f3 Bxg2 17. Kxg2 Ne7 18. Nec3 Nc6 19. Ne2 Ne7 20. Rfd1 a5 21.
b5 b6 22. a4 Ng6 23. Nxf6+ gxf6 24. c5 bxc5 25. Rxc5 Kh8 26. Rdc1 Nh4+ 27. gxh4
Qg7+ 28. Ng3 dxc5 29. Rxc5 Rfd8 30. Qc3 Rd7 31. Rc6 Rad8 32. Qxa5 Rd2+ 33. Kh3
Qd7+ 34. Nf5 Qd3 35. Qc3 Qf1+ 36. Kg4 R2d3 37. Qxd3 Rxd3 38. Rxf6 Qxf3+ 39. Kg5
Rd8 40. Nh6 Qg2+ 41. Kf5 Kg7 0-1

[Event "4NCL/Div2a/BRJ vs. KHE"]
[Site "Hinckley Island ENG"]
[Date "2010.02.20"]
[Round "5.5"]
[White "Headlong, Timothy"]
[Black "Mackenzie, Colin"]
[Result "1/2-1/2"]
[WhiteElo "2188"]
[BlackElo "2120"]
[PlyCount "34"]
[EventDate "2010.02.20"]
[SourceDate "2009.10.24"]

1. Nf3 e6 2. c4 Nf6 3. g3 b6 4. Bg2 Bb7 5. O-O Be7 6. Nc3 O-O 7. Re1 c5 8. e4
d6 9. d4 cxd4 10. Nxd4 Qc8 11. Be3 Nbd7 12. f4 Rd8 13. Rc1 Bf8 14. f5 e5 15.
Nb3 Nc5 16. Bg5 Be7 17. Qe2 Nxb3 1/2-1/2

[Event "4NCL/Div2a/BRJ vs. KHE"]
[Site "Hinckley Island ENG"]
[Date "2010.02.20"]
[Round "5.6"]
[White "Stevenson, James AB"]
[Black "Padilla Cabero, Pablo"]
[Result "1/2-1/2"]
[WhiteElo "2097"]
[BlackElo "2142"]
[PlyCount "82"]
[EventDate "2010.02.20"]
[SourceDate "2009.10.24"]

1. e4 Nf6 2. e5 Nd5 3. d4 c5 4. c3 cxd4 5. cxd4 e6 6. Nf3 b6 7. Nc3 Nxc3 8.
bxc3 Bb7 9. Bd3 Qc7 10. Bd2 Be7 11. O-O d6 12. Qe2 Nd7 13. exd6 Qxd6 14. c4 O-O
15. Bc3 Rfe8 16. Rfd1 Rac8 17. Rac1 Qf4 18. Bd2 Qg4 19. Bxh7+ Kh8 20. Bd3 Ba3
21. Rb1 e5 22. d5 Nc5 23. Ng5 Qxe2 24. Bxe2 Kg8 25. Bg4 Rcd8 26. Re1 Na4 27.
Bd1 Nb2 28. Bb3 f6 29. Ne4 Nd3 30. Re3 Nc5 31. Bc2 Nxe4 32. Bxe4 Bc5 33. Rg3
Ba6 34. Rc1 Kf8 35. Bg6 Re7 36. Rh3 Rc7 37. Rb3 Ke7 38. Be4 Rh8 39. Rg3 Kd6 40.
Bd3 Rh4 41. Be2 Bc8 1/2-1/2

[Event "4NCL/Div2a/BRJ vs. KHE"]
[Site "Hinckley Island ENG"]
[Date "2010.02.20"]
[Round "5.7"]
[White "Rabbitt, Michael"]
[Black "Davey, Mark"]
[Result "0-1"]
[WhiteElo "2074"]
[BlackElo "2020"]
[PlyCount "74"]
[EventDate "2010.02.20"]
[SourceDate "2009.10.24"]

1. e4 e5 2. Nf3 Nc6 3. Bb5 a6 4. Ba4 Nf6 5. O-O b5 6. Bb3 Be7 7. Re1 d6 8. c3
O-O 9. h3 Na5 10. Bc2 c5 11. d4 Nc6 12. Nbd2 Re8 13. Nf1 h6 14. Ng3 Bf8 15. b3
Bb7 16. d5 Ne7 17. Nh4 g6 18. Qf3 Nh7 19. Bd2 Bg7 20. Qd3 Nxd5 21. Nhf5 gxf5
22. Nxf5 Nf4 23. Qg3 Qf6 24. Rad1 Rad8 25. Bc1 Bc8 26. Ne3 Kh8 27. a4 Ng5 28.
h4 Nge6 29. f3 Rg8 30. Ng4 Qg6 31. Qf2 h5 32. Kh2 hxg4 33. g3 Nh5 34. axb5 axb5
35. f4 exf4 36. Qg2 Be5 37. gxf4 Nexf4 0-1

[Event "4NCL/Div2a/BRJ vs. KHE"]
[Site "Hinckley Island ENG"]
[Date "2010.02.20"]
[Round "5.8"]
[White "Sant, Maria L"]
[Black "Richmond, Jane"]
[Result "0-1"]
[WhiteElo "1066"]
[BlackElo "2118"]
[PlyCount "66"]
[EventDate "2010.02.20"]
[SourceDate "2009.10.24"]

1. e4 e6 2. Nf3 d5 3. Nc3 d4 4. Nb5 c5 5. Bc4 a6 6. Na3 Nc6 7. O-O Nf6 8. d3
Be7 9. Bf4 O-O 10. e5 Nd5 11. Bxd5 exd5 12. c4 dxc3 13. bxc3 Bg4 14. Nc2 d4 15.
cxd4 cxd4 16. Nce1 Rc8 17. Qd2 Bb4 18. Qc1 Nxe5 19. Qb1 Nc6 20. Ne5 Nxe5 21.
Bxe5 Bc3 22. Nc2 Qd5 23. Bf4 Be2 24. Nb4 Qf5 25. Bd6 Rfd8 26. Bg3 Bxf1 27. Kxf1
Bxa1 28. Qxa1 a5 29. Bh4 Re8 30. Nc2 Qxd3+ 31. Kg1 Qxc2 32. Bf6 Qc1+ 33. Qxc1
Rxc1# 0-1

[Event "4NCL/Div2a/WES1 vs. ANGA"]
[Site "Hinckley Island ENG"]
[Date "2010.02.20"]
[Round "5.1"]
[White "Lock, Gavin R"]
[Black "Talsma, Paul A"]
[Result "1/2-1/2"]
[WhiteElo "2170"]
[BlackElo "2252"]
[PlyCount "69"]
[EventDate "2010.02.20"]
[SourceDate "2009.10.24"]

1. Nf3 f5 2. g3 Nf6 3. Bg2 g6 4. c4 Bg7 5. O-O O-O 6. Nc3 d6 7. d4 Qe8 8. Nd5
Nxd5 9. cxd5 Nd7 10. Qc2 Nf6 11. Qxc7 Nxd5 12. Qc4 e6 13. Bd2 b5 14. Qd3 Bb7
15. e4 fxe4 16. Qxe4 Rb8 17. Qh4 Nf6 18. Rfe1 Qd7 19. Rad1 Bd5 20. b3 Rbe8 21.
Ng5 Bxg2 22. Kxg2 h6 23. Ne4 g5 24. Nxf6+ Rxf6 25. Qe4 Rf5 26. Be3 Rc8 27. Rc1
Rff8 28. h4 gxh4 29. Qxh4 Rxc1 30. Rxc1 Qb7+ 31. Kg1 Qf3 32. Qe7 Rf5 33. Rc7
Qd1+ 34. Kg2 Qf3+ 35. Kg1 1/2-1/2

[Event "4NCL/Div2a/WES1 vs. ANGA"]
[Site "Hinckley Island ENG"]
[Date "2010.02.20"]
[Round "5.2"]
[White "Munson, Shaun D"]
[Black "Kawuma, Steven Male"]
[Result "0-1"]
[WhiteElo "2172"]
[BlackElo "2187"]
[PlyCount "163"]
[EventDate "2010.02.20"]
[SourceDate "2009.10.24"]

1. d4 Nf6 2. Bg5 Ne4 3. Bf4 c5 4. f3 Qa5+ 5. c3 Nf6 6. d5 e6 7. e4 exd5 8. exd5
d6 9. Na3 Be7 10. Nc4 Qd8 11. a4 O-O 12. Ne2 Nh5 13. Be3 Re8 14. Qd2 Bd7 15. g3
Na6 16. Kf2 Nc7 17. Nf4 Nf6 18. h4 Bf8 19. Bg2 b6 20. Rhe1 Rb8 21. Kg1 Bc8 22.
Na3 Nd7 23. Nh3 h6 24. Nf2 Ne5 25. Qd1 b5 26. axb5 Nxb5 27. Nxb5 Rxb5 28. b3
Rb7 29. c4 Nd7 30. Qc2 Nf6 31. Bd2 Rxe1+ 32. Rxe1 Re7 33. Rxe7 Qxe7 34. Bc3 Nh5
35. Kh2 f5 36. Nh3 f4 37. g4 Qxh4 38. Qe4 Ng3 39. Qe8 Nf1+ 40. Bxf1 Qg3+ 41.
Kh1 Qxf3+ 42. Bg2 Qxg4 43. Nf2 Qh4+ 44. Kg1 Bf5 45. Be1 g5 46. Nh1 Qg4 47. Kf2
Qd1 48. Bf3 Qxb3 49. Bh5 Qb7 50. Kg1 Qg7 51. Bc3 Qe7 52. Qxe7 Bxe7 53. Nf2 Kh7
54. Kg2 Bg6 55. Bd1 h5 56. Kf3 Bf5 57. Ba4 Kh6 58. Be8 Bc2 59. Bb5 Bd8 60. Ne4
Bd1+ 61. Kf2 Be7 62. Nf6 Bf8 63. Ng8+ Kg6 64. Be8+ Kf5 65. Nf6 Bg7 66. Bd7+ Kg6
67. Be8+ Kh6 68. Bd7 g4 69. Ng8+ Kg6 70. Ne7+ Kf7 71. Bxg7 Kxg7 72. Nf5+ Kf6
73. Be6 Ke5 74. Ne7 g3+ 75. Kg2 Bc2 76. Nc6+ Ke4 77. Nxa7 h4 78. Bg4 Kd4 79.
Be2 Be4+ 80. Kh3 f3 81. Nb5+ Ke5 82. Bf1 0-1

[Event "4NCL/Div2a/WES1 vs. ANGA"]
[Site "Hinckley Island ENG"]
[Date "2010.02.20"]
[Round "5.3"]
[White "Neil, David R"]
[Black "Gray, Mark S"]
[Result "1-0"]
[WhiteElo "2157"]
[BlackElo "2089"]
[PlyCount "125"]
[EventDate "2010.02.20"]
[SourceDate "2009.10.24"]

1. e4 e5 2. f4 d5 3. exd5 e4 4. d3 Nf6 5. dxe4 Nxe4 6. Be3 Qh4+ 7. g3 Nxg3 8.
Nf3 Qe7 9. hxg3 Qxe3+ 10. Qe2 Qxe2+ 11. Bxe2 Bf5 12. Nc3 Bb4 13. O-O-O Bxc3 14.
bxc3 Nd7 15. Bd3 Bxd3 16. Rde1+ Kf8 17. cxd3 Re8 18. Rxe8+ Kxe8 19. Kd2 Nb6 20.
c4 h6 21. Re1+ Kd8 22. Ne5 Rf8 23. f5 Nd7 24. d4 Nb6 25. Kd3 Kc8 26. Rf1 Nd7
27. a4 Nf6 28. a5 a6 29. Rg1 Nh7 30. Rf1 Nf6 31. Rf2 Kd8 32. g4 Kc8 33. Rg2 Nh7
34. c5 Nf6 35. Kc4 Rd8 36. Nxf7 Rxd5 37. g5 hxg5 38. Rxg5 Rd7 39. Rxg7 Ne8 40.
Rg8 Rxf7 41. Rxe8+ Kd7 42. Rb8 Rxf5 43. Rxb7 Kc8 44. Rb3 Rf1 45. Kd5 Rh1 46.
Rf3 Rh6 47. Ke5 Kb7 48. d5 Rh1 49. Ke6 Re1+ 50. Kd7 Rd1 51. Rb3+ Ka7 52. Kc6
Ka8 53. d6 cxd6 54. cxd6 Rc1+ 55. Kd5 Rd1+ 56. Ke6 Re1+ 57. Kf7 Rd1 58. Ke7
Re1+ 59. Kd8 Rd1 60. d7 Ka7 61. Rb6 Re1 62. Kc7 Re5 63. Rb7+ 1-0

[Event "4NCL/Div2a/WES1 vs. ANGA"]
[Site "Hinckley Island ENG"]
[Date "2010.02.20"]
[Round "5.4"]
[White "Player, Edmund C"]
[Black "Simons, Martin J"]
[Result "1/2-1/2"]
[WhiteElo "2156"]
[BlackElo "2200"]
[PlyCount "61"]
[EventDate "2010.02.20"]
[SourceDate "2009.10.24"]

1. e4 Nc6 2. Nf3 d5 3. exd5 Qxd5 4. Nc3 Qa5 5. d4 Bg4 6. Bb5 e6 7. h3 Bh5 8.
Bd2 Bb4 9. g4 Bg6 10. Ne5 Bxc3 11. Bxc6+ bxc6 12. Bxc3 Qd5 13. f3 Ne7 14. Bb4
Qb5 15. a3 a5 16. c4 Qb7 17. Bxe7 Kxe7 18. Qe2 Rhd8 19. O-O-O Rab8 20. h4 f6
21. Nxg6+ hxg6 22. Rd3 c5 23. d5 Kf8 24. h5 gxh5 25. Rxh5 exd5 26. g5 fxg5 27.
Qe5 Qa6 28. Rxg5 Qxc4+ 29. Rc3 Qf1+ 30. Kc2 Qf2+ 31. Kd1 1/2-1/2

[Event "4NCL/Div2a/WES1 vs. ANGA"]
[Site "Hinckley Island ENG"]
[Date "2010.02.20"]
[Round "5.5"]
[White "de Coverly, Roger D"]
[Black "Gregory, Stephen J"]
[Result "0-1"]
[WhiteElo "2109"]
[BlackElo "2126"]
[PlyCount "114"]
[EventDate "2010.02.20"]
[SourceDate "2009.10.24"]

1. Nf3 Nf6 2. d4 d6 3. Nc3 g6 4. e4 Bg7 5. Be3 c6 6. Qd2 Ng4 7. Bg5 h6 8. Bh4
Be6 9. h3 Nf6 10. Bd3 Na6 11. e5 dxe5 12. dxe5 Nd5 13. Nd4 Nc5 14. Nxe6 Nxe6
15. Nxd5 Qxd5 16. f4 g5 17. c4 Qd4 18. Bf2 Qxf4 19. Be3 Qg3+ 20. Kf1 Qxe5 21.
Rd1 Rd8 22. b3 O-O 23. h4 gxh4 24. Kg1 Rxd3 25. Qxd3 Rd8 26. Qxd8+ Nxd8 27.
Rxd8+ Kh7 28. Rh3 Qa1+ 29. Kf2 Qxa2+ 30. Bd2 Bf6 31. Rhd3 a5 32. Ra8 Bc3 33.
Rad8 Bxd2 34. Rxd2 Qxb3 35. R8d4 Qg3+ 36. Kf1 h3 37. gxh3 Qxh3+ 38. Kg1 a4 39.
R2d3 Qf5 40. Kg2 c5 41. Rd8 Qe4+ 42. Rf3 Qxc4 43. Re8 Qe6 44. Kf2 b5 45. Re3
Qf6+ 46. Rf3 Qh4+ 47. Kg2 Kg7 48. Rg3+ Kf6 49. Rb8 b4 50. Rf3+ Ke6 51. Rb6+ Kd5
52. Rxf7 a3 53. Ra6 Kc4 54. Rf3 Qg5+ 55. Kh2 Qd2+ 56. Kg3 a2 57. Rf2 Qxf2+ 0-1

[Event "4NCL/Div2a/WES1 vs. ANGA"]
[Site "Hinckley Island ENG"]
[Date "2010.02.20"]
[Round "5.6"]
[White "Cook, Michael P"]
[Black "Yeo, Michael J"]
[Result "1/2-1/2"]
[WhiteElo "2073"]
[BlackElo "2147"]
[PlyCount "115"]
[EventDate "2010.02.20"]
[SourceDate "2009.10.24"]

1. d4 d5 2. Nf3 Nc6 3. Bf4 Bg4 4. e3 e6 5. Be2 Bd6 6. Bg3 Nf6 7. O-O O-O 8.
Nbd2 Bxg3 9. hxg3 Re8 10. c4 Qd6 11. a3 a5 12. Rc1 Re7 13. Re1 e5 14. cxd5 Qxd5
15. Rc5 Qd8 16. Nxe5 Bxe2 17. Qxe2 Nxe5 18. Rxe5 Rxe5 19. dxe5 Nd7 20. Nf3 Qe7
21. Qb5 b6 22. Rd1 Nc5 23. b4 axb4 24. axb4 Ne6 25. Qc6 Ra2 26. Qd5 Rb2 27. Nd4
Nf8 28. b5 g6 29. Rc1 Qg5 30. Qe4 Qe7 31. f4 Qb4 32. Rd1 Qa4 33. Qf3 Qa2 34. g4
Nd7 35. Nc6 Rd2 36. Kh2 Rxd1 37. Qxd1 Qf2 38. Ne7+ Kg7 39. Nd5 Nc5 40. Qf3 Qh4+
41. Qh3 Qd8 42. Nf6 h6 43. g5 hxg5 44. Qh7+ Kf8 45. Qh6+ Ke7 46. Qxg5 Ne6 47.
Qh4 Qd3 48. Nd5+ Kd7 49. Qe7+ Kc8 50. Qe8+ Nd8 51. Ne7+ Kb7 52. Nc6 Kc8 53. e4
Qd2 54. Kg3 g5 55. fxg5 Qe1+ 56. Kf3 Qf1+ 57. Kg3 Qe1+ 58. Kf3 1/2-1/2

[Event "4NCL/Div2a/WES1 vs. ANGA"]
[Site "Hinckley Island ENG"]
[Date "2010.02.20"]
[Round "5.7"]
[White "Clark, Ian C"]
[Black "Merry, Alan B"]
[Result "1/2-1/2"]
[WhiteElo "2072"]
[BlackElo "2074"]
[PlyCount "129"]
[EventDate "2010.02.20"]
[SourceDate "2009.10.24"]

1. e4 c5 2. Nf3 d6 3. d4 cxd4 4. Nxd4 Nf6 5. Nc3 a6 6. Be3 Ng4 7. Bc1 Nc6 8.
Nxc6 bxc6 9. Be2 Nf6 10. O-O g6 11. e5 dxe5 12. Qxd8+ Kxd8 13. Bf3 Kc7 14. Re1
Nd7 15. b3 Bg7 16. Bb2 Bb7 17. Rad1 Rad8 18. Na4 f5 19. g3 Bf6 20. Bg2 e4 21.
Ba3 Nb6 22. Nc5 Bc8 23. Bb4 Bd4 24. c3 Bxc5 25. Bxc5 e5 26. c4 Rd7 27. Rxd7+
Nxd7 28. Bb4 Kb6 29. Rd1 a5 30. Bc3 Re8 31. Bd2 Bb7 32. Be3+ Kc7 33. Bd2 Ra8
34. Bc3 a4 35. b4 Re8 36. b5 Nc5 37. Ba5+ Kc8 38. Rd6 cxb5 39. cxb5 Kb8 40. h4
Rc8 41. h5 Nd3 42. hxg6 Rc1+ 43. Bf1 hxg6 44. Rxg6 Rc2 45. Bb6 Rxa2 46. Rg8+
Bc8 47. Bh3 Ra1+ 48. Kh2 Kb7 49. Be3 Ne1 50. Rg7+ Kb8 51. Bg2 Nxg2 52. Kxg2 a3
53. Bc5 e3 54. fxe3 Bb7+ 55. Kf2 a2 56. Bd6+ Kc8 57. Rc7+ Kd8 58. Bxe5 Be4 59.
Bxa1 Kxc7 60. Ke2 Kb6 61. Kd2 Kxb5 62. Kc3 Ka4 63. Kd4 Bb1 64. Ke5 Kb3 65. Kf4
1/2-1/2

[Event "4NCL/Div2a/WES1 vs. ANGA"]
[Site "Hinckley Island ENG"]
[Date "2010.02.20"]
[Round "5.8"]
[White "Wallis, Ian J"]
[Black "Thilaganathan, Jessica"]
[Result "1/2-1/2"]
[WhiteElo "1982"]
[BlackElo "1900"]
[PlyCount "71"]
[EventDate "2010.02.20"]
[SourceDate "2009.10.24"]

1. e4 e6 2. d4 d5 3. Nd2 dxe4 4. Nxe4 Bd7 5. Nf3 Bc6 6. Bd3 Nd7 7. O-O Ngf6 8.
Ned2 Bxf3 9. Qxf3 c6 10. a4 a5 11. Nb3 Bb4 12. Qg3 Nh5 13. Qh3 Nhf6 14. Bg5 Qc7
15. c3 Bd6 16. Rfe1 Bf4 17. Bxf4 Qxf4 18. g3 Qd6 19. f4 O-O 20. f5 exf5 21.
Qxf5 Qd5 22. Qxd5 Nxd5 23. Kf2 N7f6 24. h3 Ne8 25. Nc5 Nd6 26. Re2 Rfe8 27.
Rae1 Nf6 28. Ne4 Ndxe4+ 29. Bxe4 Kf8 30. Bf3 Rxe2+ 31. Rxe2 Re8 32. Rxe8+ Kxe8
33. b4 axb4 34. cxb4 Kd7 35. Ke3 Kd6 36. Kd3 1/2-1/2

[Event "4NCL/Div2a/WRO2 vs. BARY"]
[Site "Hinckley Island ENG"]
[Date "2010.02.20"]
[Round "5.1"]
[White "Lewyk, Ihor"]
[Black "Rogers, Jonathan W"]
[Result "1/2-1/2"]
[WhiteElo "2115"]
[BlackElo "2329"]
[PlyCount "78"]
[EventDate "2010.02.20"]
[SourceDate "2009.10.24"]

1. Nf3 f5 2. e4 e5 3. Bc4 fxe4 4. Nxe5 d5 5. Qh5+ g6 6. Nxg6 hxg6 7. Qxh8 Kf7
8. Qd4 Be6 9. Bxd5 Qxd5 10. Qxd5 Bxd5 11. Nc3 Bc6 12. O-O Nd7 13. b3 Bc5 14.
Bb2 Rd8 15. Rad1 Ndf6 16. h3 Ne7 17. d3 exd3 18. Rxd3 Rxd3 19. cxd3 Nf5 20. Ne2
Nd5 21. Rd1 Nh4 22. Nd4 Bxd4 23. Bxd4 Nxg2 24. Bxa7 Nc3 25. Rd2 Nf4 26. Be3
Ncd5 27. Bxf4 Nxf4 28. Kh2 Ke6 29. Kg3 Kf5 30. f3 Ne6 31. d4 Bd5 32. h4 c6 33.
b4 b5 34. a3 Nf4 35. Kf2 Bc4 36. Rd1 Bb3 37. Rd2 Ke6 38. Kg3 Kf5 39. Kf2 Bc4
1/2-1/2